<?xml version="1.0" encoding="UTF-8"?>
<record
    xmlns:xsi="http://www.w3.org/2001/XMLSchema-instance"
    xsi:schemaLocation="http://www.loc.gov/MARC21/slim http://www.loc.gov/standards/marcxml/schema/MARC21slim.xsd"
    xmlns="http://www.loc.gov/MARC21/slim">

  <leader>00344nam a22001097a 4500</leader>
  <controlfield tag="008">150326b        xxu||||| |||| 00| 0 eng d</controlfield>
  <datafield tag="020" ind1=" " ind2=" ">
    <subfield code="a">101292023589</subfield>
    <subfield code="c">Available</subfield>
  </datafield>
  <datafield tag="082" ind1=" " ind2=" ">
    <subfield code="2">Second Edition</subfield>
    <subfield code="a">519.4SAU</subfield>
    <subfield code="b">002815</subfield>
  </datafield>
  <datafield tag="245" ind1=" " ind2=" ">
    <subfield code="a">Numerical Analysis </subfield>
    <subfield code="c">Sauer Timothy</subfield>
    <subfield code="h">English</subfield>
  </datafield>
  <datafield tag="250" ind1=" " ind2=" ">
    <subfield code="a">Pearson New International Edition</subfield>
  </datafield>
  <datafield tag="260" ind1=" " ind2=" ">
    <subfield code="a">England</subfield>
    <subfield code="b">Pearson</subfield>
    <subfield code="c">2014</subfield>
  </datafield>
  <datafield tag="999" ind1=" " ind2=" ">
    <subfield code="c">24758</subfield>
    <subfield code="d">24758</subfield>
  </datafield>
  <datafield tag="952" ind1=" " ind2=" ">
    <subfield code="0">0</subfield>
    <subfield code="1">0</subfield>
    <subfield code="2">ddc</subfield>
    <subfield code="4">0</subfield>
    <subfield code="7">0</subfield>
    <subfield code="a">CL</subfield>
    <subfield code="b">CL</subfield>
    <subfield code="c">DISPLAY</subfield>
    <subfield code="d">2015-03-26</subfield>
    <subfield code="l">2</subfield>
    <subfield code="m">1</subfield>
    <subfield code="o">519.4SAU </subfield>
    <subfield code="p">RCMS002815</subfield>
    <subfield code="r">2022-07-22</subfield>
    <subfield code="s">2022-05-16</subfield>
    <subfield code="w">2015-03-26</subfield>
    <subfield code="y">BK</subfield>
  </datafield>
</record>
